|
|
|
|
| LEADER |
00000cam a2200000 4500 |
| 001 |
vtls012053623 |
| 003 |
SK-MaSNL |
| 005 |
20260310170937.0 |
| 008 |
210511s2021 xr oa g f 000 0 cze |
| 020 |
|
|
|a 9788074421242
|q (viazané)
|
| 040 |
|
|
|a SNK
|b slo
|c SNK
|e rda
|
| 041 |
0 |
|
|a cze
|
| 044 |
|
|
|a xr
|c CZ
|
| 072 |
|
7 |
|a 636
|x Chov zvierat. Živočíšna výroba
|2 konspekt
|
| 072 |
|
7 |
|a 59
|x Zoológia
|2 konspekt
|
| 080 |
|
|
|a 636.98:597.2/.5
|2 2011
|
| 080 |
|
|
|a 639.3
|2 2011
|
| 080 |
|
|
|a 597.2/.5
|2 2011
|
| 080 |
|
|
|a (0.062)
|2 2011
|
| 080 |
|
|
|a (035)
|2 2011
|
| 080 |
|
|
|a 639.34
|2 2011
|
| 080 |
|
|
|a 59
|2 2011
|
| 100 |
1 |
|
|a Frank, Stanislav,
|d 1930-2008
|4 aut
|4 ill
|4 pht
|9 56763
|
| 245 |
1 |
0 |
|a Akvaristika
|b 100+1 záludných otázek
|c Stanislav Frank
|
| 246 |
3 |
3 |
|a Akvaristika - 100+1 záludných otázek
|
| 246 |
3 |
|
|a Akvaristika - sto + jedna záludných otázek
|
| 246 |
1 |
|
|i Názov na rube titulného listu:
|a Akvaristika - 100+1 záludných otázek
|
| 250 |
|
|
|a Třetí vydání
|
| 264 |
|
1 |
|a Praha
|b Aventinum
|c 2021
|
| 300 |
|
|
|a 200 strán
|b fotografie (prevažne farebné), ilustrácie
|c 29 cm
|
| 336 |
|
|
|a text
|b txt
|2 rdacontent
|
| 336 |
|
|
|a statický obraz
|b sti
|2 rdacontent
|
| 337 |
|
|
|a bez média
|b n
|2 rdamedia
|
| 338 |
|
|
|a zväzok
|b nc
|2 rdacarrier
|
| 650 |
0 |
7 |
|a akvaristika
|2 SNKPH
|9 27735
|
| 650 |
0 |
7 |
|a akváriové ryby
|2 SNKPH
|9 30232
|
| 650 |
0 |
7 |
|a chov okrasných rýb
|2 SNKPH
|9 114294
|
| 650 |
0 |
7 |
|a zoológia
|2 SNKPH
|9 699
|
| 650 |
0 |
7 |
|a ichtyológia
|2 SNKPH
|9 2759
|
| 650 |
0 |
7 |
|a Aquaristics
|2 SNKPHeng
|9 100781
|
| 650 |
0 |
7 |
|a Aquarium fishes
|2 SNKPHeng
|9 100782
|
| 650 |
0 |
7 |
|a Ornamental fish breeding
|2 SNKPHeng
|9 402229
|
| 650 |
0 |
7 |
|a Ichtyology
|2 SNKPHeng
|9 402230
|
| 650 |
0 |
7 |
|a Zoology
|2 SNKPHeng
|9 266278
|
| 655 |
|
7 |
|a populárno-náučné publikácie
|2 SNKPH
|9 70460
|
| 655 |
|
7 |
|a príručky
|2 SNKPH
|9 74364
|
| 655 |
|
7 |
|a Popular works
|2 SNKPHeng
|9 90287
|
| 655 |
|
7 |
|a Handbooks, manuals, etc.
|2 SNKPHeng
|9 90964
|
| 852 |
|
|
|a Slovenská národná knižnica
|
| 919 |
|
|
|a 978-80-7442-124-2
|
| 954 |
|
|
|a odborná, vedecká literatúra cudzojazyčná (svetová)
|2 lita
|
| 999 |
|
|
|c 653277
|d 655207
|
| 952 |
|
|
|t snkFRA 639.34
|a SNKUST
|b SNKUST
|y PREZ
|7 0
|p 17A1532237
|o snkIB 74191
|i snk2023/10679
|8 4
|g 19.61
|0 0
|1 0
|4 0
|d 2022-03-17
|l 0
|r 2025-03-21 00:00:00
|w 2026-02-23
|